000 00503nam a2200157 i 4500
001 141783
003 ES-MaACL
005 20230906200352.0
007 t|
008 070927s1932 fr ||||1| fre d
100 1 _aWagemann, Ernest.
_9115827
245 1 0 _aIntroduction a la theorie du mouvement des affaires /
_cpar E. Wagemann ; traduction française revue par l'auteur.
260 _aParis :
_bPresses Universitaires de France,
_c1932.
300 _a127 p. ;
_c25 cm.
852 _aES-MaACL
_jA-3374
999 _c141783
_d141783